[Event "LIV Festival A"]
[Site "Imperia "]
[Date "2012.09.04"]
[Round "3"]
[White "Luciani, Valerio"]
[Black "Bellincampi, Stefano"]
[Result "1-0"]
[WhiteElo "2197"]
[BlackElo "2045"]
[PlyCount "91"]
[EventDate "2012.09.02"]
[EventType "swiss"]
[EventRounds "9"]
[EventCountry "ITA"]
[SourceDate "2005.09.12"]

1. e4 e5 2. Bc4 Nf6 3. d3 c6 4. Nd2 d5 5. Bb3 Bd6 6. Ngf3 Nbd7 7. c3 O-O 8. O-O
Re8 9. Re1 h6 10. Nf1 Qc7 11. Ng3 Nc5 12. Bc2 dxe4 13. dxe4 a5 14. h3 Be6 15.
Nh4 Bf8 16. Qf3 Ncd7 17. Ngf5 Kh7 18. g4 g6 19. Ng3 Ng8 20. Ng2 Ndf6 21. Ne3
Bc5 22. Kg2 Qe7 23. Qe2 Rad8 24. f3 Nd7 25. Rh1 Qh4 26. Bd2 Nf8 27. Ngf1 Rd7
28. Be1 Qd8 29. h4 f6 30. b3 Bf7 31. Rd1 Rxd1 32. Nxd1 Ne6 33. Bg3 Re7 34. Nf2
Rd7 35. Nd3 Bd6 36. Qe3 Qe7 37. Rh2 Kg7 38. Kh1 Kf8 39. Rd2 b6 40. g5 fxg5 41.
hxg5 h5 42. Nxe5 Rd8 43. Rxd6 Qxd6 44. Nxg6+ Bxg6 45. Bxd6+ Rxd6 46. f4 1-0

[Event "LIV Festival A"]
[Site "Imperia "]
[Date "2012.09.04"]
[Round "3"]
[White "Mariano, Elia"]
[Black "Barletta, Mauro"]
[Result "1/2-1/2"]
[WhiteElo "2159"]
[BlackElo "2239"]
[PlyCount "72"]
[EventDate "2012.09.02"]
[EventType "swiss"]
[EventRounds "9"]
[EventCountry "ITA"]
[SourceDate "2005.09.12"]

1. d4 e6 2. c4 f5 3. Nf3 Nf6 4. g3 Be7 5. Bg2 d6 6. O-O O-O 7. b3 a5 8. Nc3 Qe8
9. Re1 Ne4 10. Bb2 Bf6 11. Qd3 Qg6 12. Nh4 Bxh4 13. gxh4 Nxc3 14. Bxc3 Nc6 15.
Qg3 Ne7 16. e4 f4 17. Qxg6 Nxg6 18. h5 Nh4 19. Kh1 Nxg2 20. Kxg2 Bd7 21. f3 b6
22. h6 gxh6 23. Kf2 Kf7 24. Rg1 Rg8 25. Rxg8 Rxg8 26. Rg1 Rxg1 27. Kxg1 Kg6 28.
Bd2 e5 29. dxe5 dxe5 30. c5 Bb5 31. cxb6 cxb6 32. b4 a4 33. a3 Be2 34. Kf2 Bc4
35. Bc3 Kf6 36. Bb2 Ke6 1/2-1/2

[Event "LIV Festival A"]
[Site "Imperia "]
[Date "2012.09.04"]
[Round "3"]
[White "Melone, Antonio"]
[Black "Anuprita, Patil"]
[Result "0-1"]
[WhiteElo "2149"]
[BlackElo "2128"]
[PlyCount "90"]
[EventDate "2012.09.02"]
[EventType "swiss"]
[EventRounds "9"]
[EventCountry "ITA"]
[SourceDate "2005.09.12"]

1. d4 d5 2. Nf3 Nf6 3. e3 Bf5 4. c4 c6 5. Nc3 e6 6. Bd3 Bg4 7. Qc2 dxc4 8. Bxc4
Nbd7 9. Bd2 Be7 10. h3 Bf5 11. e4 Bg6 12. Bd3 O-O 13. O-O Rc8 14. Ne5 Nxe5 15.
dxe5 Nd7 16. f4 Nc5 17. Rf3 Qd4+ 18. Kf1 Rcd8 19. Ke2 f5 20. exf6 Bxf6 21. Rd1
Nxd3 22. Qxd3 Qc5 23. Qc2 Qc4+ 24. Kf2 Bd4+ 25. Kg3 Bh5 26. b3 Qc5 27. b4 Qc4
28. Rdf1 Bxf3 29. Rxf3 Rd7 30. Qb1 Rfd8 31. Kh2 Bg1+ 32. Qxg1 Rxd2 33. Qxa7
R2d3 34. Qb6 R8d7 35. Rxd3 Qxd3 36. Qc5 Qd4 37. Qh5 g6 38. Qc5 Qxc5 39. bxc5
Rd3 40. Nb1 Rd4 41. Kg3 Rxe4 42. Kf3 Rc4 43. Nd2 Rxc5 44. Ne4 Ra5 45. Ng5 e5
0-1

[Event "LIV Festival A"]
[Site "Imperia "]
[Date "2012.09.04"]
[Round "3"]
[White "Pepino, Enrico"]
[Black "Jirovsky, Milos"]
[Result "0-1"]
[WhiteElo "2169"]
[BlackElo "2451"]
[PlyCount "70"]
[EventDate "2012.09.02"]
[EventType "swiss"]
[EventRounds "9"]
[EventCountry "ITA"]
[SourceDate "2005.09.12"]

1. d4 d5 2. c4 e6 3. Nf3 Nf6 4. g3 dxc4 5. Qa4+ Nbd7 6. Qxc4 a6 7. Bg2 b5 8.
Qc2 Bb7 9. O-O c5 10. a4 Rc8 11. axb5 axb5 12. Qb3 b4 13. dxc5 Bxc5 14. Bg5 Bd5
15. Qd1 h6 16. Bf4 Ra8 17. Nbd2 O-O 18. Qc2 Rxa1 19. Rxa1 Qb6 20. e4 Bxf2+ 21.
Kf1 b3 22. Qd3 Bc6 23. Nc4 Bb5 24. Nxb6 Bxd3+ 25. Kxf2 Nxb6 26. Nd2 Rc8 27. Ke3
Bc2 28. Bf3 Nc4+ 29. Nxc4 Rxc4 30. e5 Nd7 31. Ra8+ Kh7 32. Ra7 Nb6 33. h4 Na4
34. Rxf7 Nxb2 35. Be2 Rb4 0-1

[Event "LIV Festival A"]
[Site "Imperia "]
[Date "2012.09.04"]
[Round "3"]
[White "Stoppa, Omar"]
[Black "Krouzel, Jaroslav"]
[Result "1-0"]
[WhiteElo "2279"]
[BlackElo "2172"]
[PlyCount "55"]
[EventDate "2012.09.02"]
[EventType "swiss"]
[EventRounds "9"]
[EventCountry "ITA"]
[SourceDate "2005.09.12"]

1. e4 e6 2. Nf3 d5 3. e5 c5 4. b4 cxb4 5. d4 Ne7 6. a3 Nf5 7. axb4 Bxb4+ 8. c3
Be7 9. Bd3 Nc6 10. h4 h5 11. Na3 a6 12. g3 Bd7 13. Nc2 Na5 14. Bxf5 exf5 15.
Ne3 Be6 16. Qa4+ Nc6 17. Ba3 b5 18. Bxe7 Nxe7 19. Qb3 Ng6 20. Rxa6 O-O 21. Rxa8
Qxa8 22. O-O f4 23. Ng2 Bg4 24. Ng5 f6 25. exf6 gxf6 26. Qb1 fxg5 27. Qxg6+ Kh8
28. Qh6+ 1-0

[Event "LIV Festival A"]
[Site "Imperia "]
[Date "2012.09.04"]
[Round "3"]
[White "Zach, Andreas"]
[Black "Vokoun, Jan"]
[Result "1/2-1/2"]
[WhiteElo "2352"]
[BlackElo "2201"]
[PlyCount "58"]
[EventDate "2012.09.02"]
[EventType "swiss"]
[EventRounds "9"]
[EventCountry "ITA"]
[SourceDate "2005.09.12"]

1. d4 g6 2. Bf4 Bg7 3. e3 c5 4. c3 Qb6 5. Qb3 Na6 6. Nf3 Nf6 7. Be2 d6 8. h3
O-O 9. O-O Be6 10. Qxb6 axb6 11. Na3 h6 12. Rfd1 Rfc8 13. Bh2 Kf8 14. Nd2 d5
15. Bf3 Bd7 16. Rdc1 Bc6 17. Nc2 Ke8 18. Re1 Nc7 19. Be5 Kf8 20. g4 Ne6 21. Bg2
Rd8 22. b3 Ne8 23. Bxg7+ Kxg7 24. a4 N8c7 25. c4 cxd4 26. Nxd4 Nxd4 27. exd4
dxc4 28. Nxc4 Bxg2 29. Kxg2 Nd5 1/2-1/2

[Event "LIV Festival A"]
[Site "Imperia "]
[Date "2012.09.05"]
[Round "4"]
[White "De Barberis, Massimo"]
[Black "Dolezal, Radoslav jr"]
[Result "0-1"]
[WhiteElo "2088"]
[BlackElo "2367"]
[PlyCount "86"]
[EventDate "2012.09.02"]
[EventType "swiss"]
[EventRounds "9"]
[EventCountry "ITA"]
[SourceDate "2005.09.12"]

1. e4 e5 2. Bc4 Nf6 3. Nc3 Bb4 4. Nge2 O-O 5. d3 d5 6. exd5 Nxd5 7. O-O Be6 8.
Ne4 Be7 9. Bxd5 Bxd5 10. f4 exf4 11. Nxf4 Bc6 12. Be3 Nd7 13. Qg4 Ne5 14. Qh5
Ng6 15. Nxg6 hxg6 16. Qg4 Qd7 17. Qg3 Bxe4 18. dxe4 Qc6 19. Qf3 Rae8 20. e5 Bc5
21. Rae1 Qxf3 22. gxf3 Rxe5 23. Bxc5 Rxc5 24. c3 Rd8 25. Rf2 Rcd5 26. Rfe2 Kf8
27. Kf2 g5 28. Re7 R5d7 29. R7e2 Rd2 30. Kg3 Rxe2 31. Rxe2 Rd3 32. Kg4 f6 33.
Rf2 Rd1 34. Kf5 Kf7 35. Re2 g6+ 36. Ke4 Ke6 37. Ke3 Kf5 38. Rg2 c5 39. b3 b6
40. Rf2 Re1+ 41. Kd2 Re6 42. Rg2 Kf4 43. Rg3 f5 0-1

[Event "LIV Festival A"]
[Site "Imperia "]
[Date "2012.09.05"]
[Round "4"]
[White "Di Paolo, Raffaele"]
[Black "Del Dotto, Riccardo"]
[Result "1/2-1/2"]
[WhiteElo "2243"]
[BlackElo "2203"]
[PlyCount "34"]
[EventDate "2012.09.02"]
[EventType "swiss"]
[EventRounds "9"]
[EventCountry "ITA"]
[SourceDate "2005.09.12"]

1. e4 e5 2. Nf3 Nf6 3. Nxe5 d6 4. Nf3 Nxe4 5. d4 d5 6. Bd3 Bd6 7. O-O O-O 8. c4
c6 9. cxd5 cxd5 10. Nc3 Re8 11. h3 Nxc3 12. bxc3 Nd7 13. Re1 Rxe1+ 14. Qxe1 h6
15. Rb1 Nb6 16. Rb2 Qf6 17. Re2 Bf5 1/2-1/2

[Event "LIV Festival A"]
[Site "Imperia "]
[Date "2012.09.05"]
[Round "4"]
[White "Jirovsky, Milos"]
[Black "Stoppa, Omar"]
[Result "1/2-1/2"]
[WhiteElo "2451"]
[BlackElo "2279"]
[PlyCount "51"]
[EventDate "2012.09.02"]
[EventType "swiss"]
[EventRounds "9"]
[EventCountry "ITA"]
[SourceDate "2005.09.12"]

1. Nf3 Nf6 2. c4 g6 3. g3 Bg7 4. Bg2 O-O 5. O-O c5 6. Nc3 Nc6 7. d4 cxd4 8.
Nxd4 d6 9. e3 a6 10. Nxc6 bxc6 11. Bxc6 Rb8 12. b3 Ng4 13. Bd2 Qb6 14. Nd5 Qa7
15. Nc3 Bxc3 16. Bxc3 Nxe3 17. Bd4 Qc7 18. fxe3 Qxc6 19. Qf3 Qxf3 20. Rxf3 Bb7
21. Rf2 Be4 22. c5 dxc5 23. Bxc5 Rb7 24. Rd1 a5 25. Rfd2 Rc8 26. Ba3 1/2-1/2

[Event "LIV Festival A"]
[Site "Imperia "]
[Date "2012.09.05"]
[Round "4"]
[White "Lezzerini, Marco"]
[Black "Melone, Antonio"]
[Result "0-1"]
[WhiteElo "1948"]
[BlackElo "2149"]
[PlyCount "72"]
[EventDate "2012.09.02"]
[EventType "swiss"]
[EventRounds "9"]
[EventCountry "ITA"]
[SourceDate "2005.09.12"]

1. c4 g6 2. g3 Bg7 3. Bg2 Nf6 4. Nc3 O-O 5. e4 d6 6. Nge2 c5 7. O-O Nc6 8. d3
Rb8 9. h3 a6 10. f4 Qc7 11. a4 e6 12. Be3 Ne8 13. Bf2 Nd4 14. g4 Nxe2+ 15. Qxe2
Bd7 16. Bh4 Bd4+ 17. Kh1 Ng7 18. f5 b5 19. Be7 Rfe8 20. f6 Bc6 21. axb5 axb5
22. Qd2 Rxe7 23. fxe7 bxc4 24. dxc4 Qxe7 25. Ra2 h5 26. g5 Rb4 27. Ne2 Be5 28.
Rc1 Qb7 29. Qd3 Nf5 30. Rca1 Nh4 31. Ra7 Qb8 32. R1a2 Rxb2 33. Rxb2 Qxa7 34.
Rb1 Qa8 35. Nc3 Nxg2 36. Kxg2 Bxc3 0-1

[Event "LIV Festival A"]
[Site "Imperia "]
[Date "2012.09.05"]
[Round "4"]
[White "Sanchez, Joseph"]
[Black "Luciani, Valerio"]
[Result "1-0"]
[WhiteElo "2534"]
[BlackElo "2197"]
[PlyCount "43"]
[EventDate "2012.09.02"]
[EventType "swiss"]
[EventRounds "9"]
[EventCountry "ITA"]
[SourceDate "2005.09.12"]

1. e4 e6 2. d4 d5 3. Nc3 Bb4 4. e5 c5 5. a3 Bxc3+ 6. bxc3 Ne7 7. Qg4 Kf8 8. a4
b6 9. Nf3 Ba6 10. Bb5 Bxb5 11. axb5 a5 12. Ba3 Nd7 13. c4 dxc4 14. dxc5 bxc5
15. O-O c3 16. Rad1 h6 17. Rd6 Nc8 18. Rd3 Qc7 19. Qe4 Ndb6 20. Rfd1 Nd5 21.
Rxd5 exd5 22. Qxd5 1-0

[Event "LIV Festival A"]
[Site "Imperia "]
[Date "2012.09.05"]
[Round "5"]
[White "Blasco, Domenico"]
[Black "De Barberis, Massimo"]
[Result "0-1"]
[WhiteElo "1933"]
[BlackElo "2088"]
[PlyCount "100"]
[EventDate "2012.09.02"]
[EventType "swiss"]
[EventRounds "9"]
[EventCountry "ITA"]
[SourceDate "2005.09.12"]

1. d4 Nf6 2. Nf3 e6 3. e3 b6 4. Bd3 Bb7 5. Nbd2 Be7 6. O-O d5 7. Ne5 O-O 8. f4
Ne4 9. Rf3 f6 10. Ng4 Nd7 11. f5 exf5 12. Rxf5 g6 13. Rf1 f5 14. Nxe4 dxe4 15.
Bc4+ Kg7 16. Nf2 Nf6 17. Bd2 Qd6 18. a3 Nd5 19. Nh3 Rad8 20. Qe2 Bf6 21. Be1
Nxe3 22. Bg3 Qxd4 23. Bf2 Qxc4 24. Qxe3 Bxb2 25. Rad1 Qxc2 26. Rxd8 Rxd8 27.
Qg5 Bf6 28. Qf4 Rd1 29. Be3 Rxf1+ 30. Kxf1 Ba6+ 31. Kg1 Qd1+ 32. Kf2 Qe2+ 33.
Kg3 Qe1+ 34. Nf2 Qc3 35. Nd1 Qe5 36. Kf2 Qxf4+ 37. Bxf4 Bd4+ 38. Ke1 c6 39. Kd2
Bc4 40. Ne3 Bb3 41. g4 Kf6 42. h4 Ke6 43. h5 Be5 44. hxg6 hxg6 45. gxf5+ gxf5
46. Bh6 f4 47. Ng4 Bd6 48. Kc3 Bd5 49. a4 Kf5 50. Nf2 Kg6 0-1

[Event "LIV Festival A"]
[Site "Imperia "]
[Date "2012.09.05"]
[Round "5"]
[White "Melone, Antonio"]
[Black "Ottaviani, Gianluca"]
[Result "1-0"]
[WhiteElo "2149"]
[BlackElo "1956"]
[PlyCount "81"]
[EventDate "2012.09.02"]
[EventType "swiss"]
[EventRounds "9"]
[EventCountry "ITA"]
[SourceDate "2005.09.12"]

1. d4 Nf6 2. c4 g6 3. Nc3 Bg7 4. e4 d6 5. f3 O-O 6. Be3 c5 7. Nge2 Na6 8. d5
Nc7 9. Nc1 e6 10. Be2 exd5 11. cxd5 Qe8 12. Bf4 Qe7 13. O-O Nh5 14. Be3 f5 15.
Qc2 f4 16. Bf2 Qg5 17. Rd1 Bh3 18. Bf1 b5 19. a4 a6 20. Nb3 b4 21. Nb1 Bd7 22.
N1d2 Nf6 23. Nc4 Nfe8 24. Re1 h5 25. Qd2 Be5 26. Nba5 Qf6 27. Nxe5 Qxe5 28. Nc4
Qg7 29. e5 Rf5 30. Nb6 Rb8 31. exd6 Nxd6 32. Bxc5 Rxb6 33. Bxb6 Nxd5 34. Bd4
Qf7 35. Bxa6 Rg5 36. Re5 Nf5 37. Bc4 Bc6 38. Bc5 Nfe3 39. Bxd5 Qxd5 40. Rxd5
Nxd5 41. Bxb4 1-0

[Event "LIV Festival A"]
[Site "Imperia "]
[Date "2012.09.06"]
[Round "6"]
[White "De Barberis, Massimo"]
[Black "Gioseffi, Massimiliano"]
[Result "0-1"]
[WhiteElo "2088"]
[BlackElo "2128"]
[PlyCount "52"]
[EventDate "2012.09.02"]
[EventType "swiss"]
[EventRounds "9"]
[EventCountry "ITA"]
[SourceDate "2005.09.12"]

1. d4 Nf6 2. Nc3 d5 3. Bg5 Bf5 4. Bxf6 exf6 5. e3 c6 6. Bd3 Bxd3 7. Qxd3 Nd7 8.
Nge2 g6 9. e4 dxe4 10. Nxe4 f5 11. N4g3 Qa5+ 12. c3 O-O-O 13. O-O h5 14. b4 Qc7
15. Rfe1 Ne5 16. Qc2 Ng4 17. h3 h4 18. Nxf5 Qh2+ 19. Kf1 Qh1+ 20. Ng1 Nh2+ 21.
Ke2 gxf5 22. Nf3 Qxg2 23. Qxf5+ Kb8 24. Ne5 Bh6 25. Rh1 f6 26. Qxf6 Qe4+ 0-1

[Event "LIV Festival A"]
[Site "Imperia "]
[Date "2012.09.06"]
[Round "6"]
[White "Tomassoni, Leonardo"]
[Black "Melone, Antonio"]
[Result "0-1"]
[WhiteElo "1891"]
[BlackElo "2149"]
[PlyCount "68"]
[EventDate "2012.09.02"]
[EventType "swiss"]
[EventRounds "9"]
[EventCountry "ITA"]
[SourceDate "2005.09.12"]

1. e4 c5 2. Nf3 d6 3. d4 cxd4 4. Nxd4 Nf6 5. Nc3 Nc6 6. Be2 e6 7. O-O Be7 8.
Kh1 O-O 9. Be3 a6 10. a4 Qc7 11. Nb3 b6 12. f4 Bb7 13. Bf3 Rac8 14. Ne2 d5 15.
e5 Nd7 16. c3 b5 17. axb5 axb5 18. Ned4 b4 19. Nb5 Qb8 20. Qd3 Ba8 21. c4 dxc4
22. Qxd7 cxb3 23. Na7 Rc7 24. Nxc6 Bxc6 25. Qd1 Bxf3 26. Rxf3 Rc2 27. Bd4 Qc7
28. Rxb3 Rd8 29. Rd3 Qc6 30. Qf3 Qxf3 31. gxf3 Rxb2 32. Rad1 Ra2 33. Bc5 Rxd3
34. Rxd3 Bxc5 0-1

[Event "LIV Festival A"]
[Site "Imperia "]
[Date "2012.09.07"]
[Round "7"]
[White "Arigoni, Bruno"]
[Black "De Barberis, Massimo"]
[Result "1/2-1/2"]
[WhiteElo "2071"]
[BlackElo "2088"]
[PlyCount "154"]
[EventDate "2012.09.02"]
[EventType "swiss"]
[EventRounds "9"]
[EventCountry "ITA"]
[SourceDate "2005.09.12"]

1. Nf3 Nf6 2. d4 e6 3. e3 b6 4. Bd3 Bb7 5. Nbd2 Be7 6. b3 O-O 7. Bb2 d5 8. O-O
Nbd7 9. Ne5 Nxe5 10. dxe5 Ne4 11. c4 Nxd2 12. Qxd2 dxc4 13. bxc4 Be4 14. Rfd1
Qxd3 15. Qxd3 Bxd3 16. Rxd3 Rfd8 17. Rad1 Rxd3 18. Rxd3 Rd8 19. Rd4 c5 20.
Rxd8+ Bxd8 21. a4 Kf8 22. Kf1 Ke8 23. Ke2 Kd7 24. Kd3 Kc6 25. Kc2 a6 26. Kb3 h5
27. Bc3 Bh4 28. Be1 b5 29. axb5+ axb5 30. g3 Bd8 31. h4 g6 32. Bc3 Bc7 33. f4
Kb6 34. Bb2 Ka6 35. Ba3 Bb6 36. e4 Ba7 37. Bc1 Kb6 38. Be3 Bb8 39. Bf2 Bc7 40.
Be3 Kc6 41. Bd2 Bd8 42. Be1 Bb6 43. Bd2 Bc7 44. Be1 Kb6 45. Bf2 Bb8 46. Be1 Ka6
47. Bf2 Ba7 48. Be1 Bb6 49. Bf2 Ba5 50. Bxc5 Be1 51. Be7 Bxg3 52. Bg5 Kb6 53.
Bd8+ Kc6 54. Bg5 Bf2 55. Bf6 Bb6 56. Bg5 Be3 57. Bh6 Kb6 58. Bg5 Bc5 59. Bd8+
Kc6 60. Bf6 Bf8 61. Bg5 Bc5 62. Bf6 Be3 63. Bg5 Bd2 64. Bh6 b4 65. Bg5 Kc5 66.
Be7+ Kd4 67. c5 Bxf4 68. Bd6 Bxe5 69. Bxe5+ Kxc5 70. Bf6 Kd6 71. Kxb4 e5 72.
Kc4 Ke6 73. Bg5 f6 74. Be3 f5 75. exf5+ gxf5 76. Kd3 f4 77. Bxf4 exf4 1/2-1/2

[Event "LIV Festival A"]
[Site "Imperia "]
[Date "2012.09.07"]
[Round "7"]
[White "Melone, Antonio"]
[Black "Dragojlovic, Andjelko"]
[Result "0-1"]
[WhiteElo "2149"]
[BlackElo "2359"]
[PlyCount "88"]
[EventDate "2012.09.02"]
[EventType "swiss"]
[EventRounds "9"]
[EventCountry "ITA"]
[SourceDate "2005.09.12"]

1. d4 Nf6 2. c4 g6 3. Nc3 Bg7 4. e4 O-O 5. e5 Ne8 6. f4 d6 7. Nf3 c5 8. dxc5
Nc6 9. cxd6 exd6 10. Be3 Bg4 11. Be2 dxe5 12. Qxd8 Rxd8 13. Bc5 Bxf3 14. Bxf8
Bxg2 15. Rg1 Kxf8 16. Rxg2 exf4 17. Nd5 Nd4 18. Bd3 f3 19. Rf2 Nd6 20. Kf1 f5
21. Re1 Nf7 22. Rd2 Ne5 23. Nc7 Rd7 24. Bb1 Nxc4 25. Ne6+ Kf7 26. Ng5+ Kf8 27.
Rd3 Nxb2 28. Rde3 Bf6 29. Nxf3 Nc4 30. Re8+ Kf7 31. Bd3 Nd6 32. Nxd4 Nxe8 33.
Bc4+ Kg7 34. Ne6+ Kh6 35. Re3 Bh4 36. Rh3 g5 37. Nf8 Rd4 38. Bd3 Nd6 39. Ne6
Ra4 40. Bb1 Ne4 41. Rd3 Rb4 42. Bc2 Rb2 43. Nd4 Kg6 44. Ra3 Bf2 0-1

[Event "LIV Festival A"]
[Site "Imperia "]
[Date "2012.09.08"]
[Round "8"]
[White "Cavatorta, Fosco"]
[Black "Melone, Antonio"]
[Result "1-0"]
[WhiteElo "1915"]
[BlackElo "2149"]
[PlyCount "57"]
[EventDate "2012.09.02"]
[EventType "swiss"]
[EventRounds "9"]
[EventCountry "ITA"]
[SourceDate "2005.09.12"]

1. d4 Nf6 2. Nf3 d5 3. e3 c6 4. c4 e6 5. Nbd2 Nbd7 6. Bd3 Bd6 7. O-O O-O 8. e4
dxe4 9. Nxe4 Nxe4 10. Bxe4 c5 11. Be3 Qc7 12. Qc2 f5 13. Bd3 b6 14. d5 Nf6 15.
dxe6 Ne4 16. Bxe4 fxe4 17. Qxe4 Bb7 18. Qg4 Rf6 19. h4 Bxf3 20. gxf3 Raf8 21.
Bg5 Rxf3 22. Rad1 Qc6 23. Rxd6 Qxd6 24. e7 Rxf2 25. exf8=Q+ Rxf8 26. Rxf8+ Qxf8
27. Qe6+ Kh8 28. Qe7 Qc8 29. Qd8+ 1-0

[Event "LIV Festival A"]
[Site "Imperia "]
[Date "2012.09.08"]
[Round "8"]
[White "De Barberis, Massimo"]
[Black "De Luca, Fabio"]
[Result "1-0"]
[WhiteElo "2088"]
[BlackElo "1989"]
[PlyCount "85"]
[EventDate "2012.09.02"]
[EventType "swiss"]
[EventRounds "9"]
[EventCountry "ITA"]
[SourceDate "2005.09.12"]

1. d4 Nf6 2. Nc3 d5 3. Bg5 e6 4. e4 dxe4 5. Nxe4 Be7 6. Bxf6 Bxf6 7. Nf3 Nd7 8.
Bd3 b6 9. Qe2 Bb7 10. O-O-O Qe7 11. h4 O-O-O 12. Ba6 Nb8 13. Bxb7+ Kxb7 14.
Nxf6 gxf6 15. Qe4+ c6 16. Rhe1 Qd6 17. g3 Qd5 18. b3 Qa5 19. Kb2 Na6 20. a3 Nc7
21. c4 Qh5 22. g4 Qg6 23. g5 Ne8 24. Qf4 h6 25. h5 Qg7 26. g6 Nc7 27. Rg1 e5
28. dxe5 fxe5 29. Qxe5 Qxe5+ 30. Nxe5 fxg6 31. Rxd8 Rxd8 32. Rxg6 Rd2+ 33. Kc3
Rxf2 34. Rxh6 c5 35. Rh7 Rh2 36. b4 Rh3+ 37. Kb2 Re3 38. Nf7 cxb4 39. axb4 Kb8
40. Rh8+ Kb7 41. Nd8+ Ka6 42. Rh7 Ne6 43. b5+ 1-0

[Event "LIV Festival A"]
[Site "Imperia "]
[Date "2012.09.09"]
[Round "9"]
[White "Melone, Antonio"]
[Black "De Luca, Fabio"]
[Result "1-0"]
[WhiteElo "2149"]
[BlackElo "1989"]
[PlyCount "79"]
[EventDate "2012.09.02"]
[EventType "swiss"]
[EventRounds "9"]
[EventCountry "ITA"]
[SourceDate "2005.09.12"]

1. d4 Nf6 2. c4 a6 3. g3 c5 4. d5 b5 5. Bg2 Bb7 6. e4 d6 7. Ne2 g6 8. O-O Bg7
9. a4 bxc4 10. Na3 O-O 11. Nxc4 Nbd7 12. a5 Rb8 13. Nc3 Ba8 14. f4 Ne8 15. Re1
Rb4 16. Qd3 Qb8 17. Bh3 Bd4+ 18. Be3 Bxe3+ 19. Rxe3 Ndf6 20. e5 dxe5 21. fxe5
Nh5 22. Na4 Nc7 23. Nab6 Rd8 24. d6 Ne6 25. Bxe6 fxe6 26. Rf1 exd6 27. exd6 Ng7
28. d7 Bc6 29. Ne5 Bb5 30. Qc2 Bxf1 31. Nc6 Qc7 32. Nxd8 Qxd8 33. Qxc5 Rxb6 34.
axb6 Qxd7 35. Rf3 Nf5 36. Rxf1 h5 37. h3 Qd3 38. Qf2 Qd8 39. b7 Qb8 40. g4 1-0

[Event "LIV Festival A"]
[Site "Imperia "]
[Date "2012.09.09"]
[Round "9"]
[White "Pepino, Enrico"]
[Black "De Barberis, Massimo"]
[Result "0-1"]
[WhiteElo "2169"]
[BlackElo "2088"]
[PlyCount "80"]
[EventDate "2012.09.02"]
[EventType "swiss"]
[EventRounds "9"]
[EventCountry "ITA"]
[SourceDate "2005.09.12"]

1. d4 Nf6 2. c4 e6 3. Nf3 c5 4. d5 exd5 5. cxd5 d6 6. Nc3 g6 7. g3 Bg7 8. Bg2
O-O 9. O-O Qe7 10. Nd2 Nbd7 11. h3 Rb8 12. a4 a6 13. a5 Re8 14. Nc4 Ne5 15. Nb6
Ned7 16. Nxc8 Rexc8 17. e4 b5 18. axb6 Rxb6 19. Qc2 Rcb8 20. Kh2 Ne5 21. Nd1
Rb3 22. Rxa6 Nd3 23. Ra3 Nxc1 24. Qxc1 R3b4 25. Qc2 Nd7 26. b3 Bd4 27. Nc3 Qf6
28. Na2 R4b7 29. Rb1 Qxf2 30. Qxf2 Bxf2 31. Bf1 Ne5 32. Ra6 Rxb3 33. Rxb3 Rxb3
34. Rxd6 Rb2 35. Rd8+ Kg7 36. Bg2 Rxa2 37. Re8 Bd4 38. g4 h5 39. gxh5 gxh5 40.
d6 h4 0-1

[Event "LIV Festival A"]
[Site "Imperia "]
[Date "2012.09.09"]
[Round "9"]
[White "Stoppa, Omar"]
[Black "Dragojlovic, Andjelko"]
[Result "1-0"]
[WhiteElo "2279"]
[BlackElo "2359"]
[PlyCount "89"]
[EventDate "2012.09.02"]
[EventType "swiss"]
[EventRounds "9"]
[EventCountry "ITA"]
[SourceDate "2005.09.12"]

1. e4 c5 2. b4 cxb4 3. a3 d5 4. exd5 Nf6 5. Bb5+ Bd7 6. Bxd7+ Qxd7 7. Nf3 Qxd5
8. O-O e6 9. Re1 Nc6 10. axb4 Bxb4 11. Bb2 O-O 12. Ne5 Nxe5 13. Rxe5 Qc6 14.
Rg5 Be7 15. Nc3 g6 16. Qe2 Rfd8 17. h4 Rd4 18. h5 Nxh5 19. Qxh5 Rxd2 20. Qh6
Bxg5 21. Qxg5 Rxc2 22. Nd1 Rxb2 23. Nxb2 Qc3 24. Qb5 Rd8 25. Rf1 b6 26. Nd1 Qd3
27. Qa4 a5 28. Ne3 Rd4 29. Qe8+ Kg7 30. Rc1 Rb4 31. Rc8 Rf4 32. Qf8+ Kf6 33.
Qh8+ Kg5 34. Qe5+ f5 35. Qxe6 Re4 36. Qxb6 a4 37. Rf8 a3 38. Qf6+ Kh5 39. g4+
fxg4 40. Ng2 Qd1+ 41. Kh2 g3+ 42. fxg3 Qg4 43. Rh8 Qd7 44. Qf3+ Rg4 45. Ne3 1-0

[Event "Sygnity Extraliga 2013"]
[Site "Katowice"]
[Date "2013.09.14"]
[Round "7"]
[White "Kryvoruchko, Yuriy"]
[Black "Bartel, Mateusz"]
[Result "1-0"]
[WhiteElo "2659"]
[BlackElo "2635"]
[PlyCount "83"]
[EventDate "2013.09.??"]
[EventType "team-swiss"]
[EventRounds "9"]
[EventCountry "POL"]
[SourceDate "2005.09.12"]

1. e4 c6 2. d4 d5 3. e5 Bf5 4. Nf3 e6 5. Be2 Nd7 6. O-O h6 7. Nbd2 Qc7 8. Nb3
a5 9. a4 Be7 10. Ne1 c5 11. c3 c4 12. Nd2 g5 13. b3 cxb3 14. Qxb3 f6 15. c4
fxe5 16. cxd5 exd5 17. Bh5+ Kd8 18. dxe5 Ra6 19. Nef3 Bc5 20. Bb2 Rb6 21. Qa2
Be6 22. Rac1 Ne7 23. Nd4 Bxd4 24. Bxd4 Rc6 25. Nb3 Rf8 26. Qd2 Nf5 27. Bb2 b6
28. Be2 Rc4 29. Rfd1 Qc6 30. Bxc4 dxc4 31. Nd4 Nxd4 32. Qxd4 Rf4 33. Qd6 Qxd6
34. Rxd6 Ke7 35. f3 g4 36. Rd4 Rxd4 37. Bxd4 gxf3 38. gxf3 Bd5 39. Kf2 Ke6 40.
f4 Bc6 41. Rxc4 Kd5 42. Rxc6 1-0

[Event "Sygnity Extraliga 2013"]
[Site "Katowice"]
[Date "2013.09.14"]
[Round "7"]
[White "Piorun, Kacper"]
[Black "Stachowiak, Kamil"]
[Result "1/2-1/2"]
[WhiteElo "2564"]
[BlackElo "2445"]
[PlyCount "219"]
[EventDate "2013.09.??"]
[EventType "team-swiss"]
[EventRounds "9"]
[EventCountry "POL"]
[SourceDate "2005.09.12"]

1. c4 e6 2. g3 d5 3. Bg2 Nf6 4. Nf3 Be7 5. O-O O-O 6. b3 c6 7. Bb2 Nbd7 8. d3
a5 9. Qc2 a4 10. Nbd2 Qc7 11. Rac1 axb3 12. axb3 Re8 13. d4 Qb6 14. Ne1 Bb4 15.
Ndf3 Bf8 16. Nd3 h6 17. Nd2 Qd8 18. Rfd1 b6 19. e4 dxe4 20. Nxe4 Nxe4 21. Bxe4
Bb7 22. b4 Qc7 23. Qb3 Ra7 24. Ra1 Rea8 25. Rxa7 Rxa7 26. Nf4 Nf6 27. Bb1 Be7
28. Qd3 Kf8 29. d5 cxd5 30. cxd5 Bxd5 31. Bxf6 Bxf6 32. Nxd5 exd5 33. Qh7 g6
34. Qxh6+ Bg7 35. Qg5 d4 36. Rc1 Qd7 37. Bd3 Rc7 38. Ra1 Rc8 39. h4 Qe7 40. Qg4
Rd8 41. b5 Kg8 42. h5 gxh5 43. Qxh5 Qe5 44. Qh4 Rc8 45. Qg4 Rd8 46. Ra7 Qd5 47.
Rc7 Re8 48. Kh2 Qe5 49. Rc6 Re6 50. Rc8+ Re8 51. Rc6 Re6 52. Qh4 Kf8 53. Rxb6
Rxb6 54. Qd8+ Qe8 55. Qxb6 Be5 56. Qc5+ Qe7 57. Qc8+ Qe8 58. Qf5 Qb8 59. b6 Ke7
60. Bc4 Bf6 61. Qc5+ Qd6 62. Qb5 Be5 63. b7 f5 64. Kg2 f4 65. g4 f3+ 66. Kxf3
Qf6+ 67. Ke2 Qf4 68. Qc5+ Kd8 69. Qc8+ Ke7 70. Qe6+ Kd8 71. Qc8+ Ke7 72. Kf1
Qc1+ 73. Kg2 Qf4 74. Qe6+ Kd8 75. Bd3 Kc7 76. Qe7+ Kc6 77. Kf1 Qc1+ 78. Ke2 Qf4
79. b8=N+ Bxb8 80. Be4+ Kb6 81. Qb7+ Ka5 82. Qd5+ Ka6 83. Qc6+ Ka5 84. Kd3 Bd6
85. Qd5+ Kb6 86. Qxd4+ Bc5 87. Qb2+ Ka5 88. f3 Qd6+ 89. Kc4 Bb4 90. Qd4 Qc7+
91. Kb3 Bc5 92. Qa4+ Kb6 93. Qe8 Bd6 94. g5 Qc5 95. Qd8+ Bc7 96. Qf6+ Bd6 97.
g6 Qa3+ 98. Kc2 Qa2+ 99. Kd1 Qb3+ 100. Bc2 Qd5+ 101. Kc1 Qe5 102. Qd8+ Ka7 103.
Qd7+ Kb6 104. Qd8+ Ka7 105. Qd7+ Kb6 106. Kd1 Bb4 107. Qd8+ Ka7 108. Qd7+ Kb6
109. Qd8+ Ka7 110. Qd7+ 1/2-1/2